Taylor Swift - Paroles Picture to Burn - Statistiques

Statistiques générales
  • Ce quiz a été pris 61 fois
  • Le résultat moyen est 259 sur 290
Statistiques - réponses
Hint Réponse % Correct
a
100%
burn
100%
Outro Burn,
100%
burn,
100%
I
100%
me
100%
me,
100%
my
100%
My
100%
picture
100%
that
100%
to
100%
and
97%
And
97%
another
97%
drive
97%
friends
97%
hate
97%
let
97%
old
97%
stupid
97%
Stupid
97%
the
97%
truck
97%
you
97%
your
97%
be
94%
By
94%
could
94%
ever
94%
go
94%
if
94%
I'm
94%
just
94%
Just
94%
love
94%
mind
94%
more
94%
never
94%
realize
94%
say
94%
So
94%
tell
94%
than
94%
way
94%
won't
94%
yourself
94%
all
91%
crazy
91%
fantasy
91%
obsessive
91%
of
91%
perfect
91%
That's
91%
You're
91%
you're
91%
As
89%
as
89%
at
89%
bad
89%
concerned,
89%
didn't
89%
get
89%
obvious,
89%
pickup
89%
really
89%
really,
89%
best
86%
far
86%
for
86%
lying
86%
time
86%
watch
86%
fine,
83%
how
83%
out
83%
sorry
83%
you'll
83%
daddy's
80%
no
80%
on
80%
revenge
80%
show
80%
Couplet 1 State
80%
wasted
80%
who's
80%
Refrain 'Cause
77%
going
77%
gonna
77%
Couplet 2 There's
77%
with
77%
around
74%
better
74%
come
74%
In
74%
it
74%
keep
74%
planning
74%
health
71%
heard,
71%
heartbreak
71%
match
71%
redneck
71%
strike
71%
would
71%
here
69%
missing
69%
nothing
69%
saying
69%
sitting
69%
tears
69%
baby,
66%
Baby,
66%
coming
66%
stopping
66%
you'd
66%
back
63%
case
63%
haven't
63%
From
60%
Aucun quiz correspondant
Distribution des résultats
% des personnes avec chaque résultat
Percentile par nombre de réponses
Votre historique - résultats
Vous n’avez pas pris ce quiz